| 000 | 00000nam 2200000zi 4500 |
| 001 | 9.908408 |
| 003 | CaOODSP |
| 005 | 20231031153746 |
| 006 | m o d f |
| 007 | cr ||||||||||| |
| 008 | 220223s2022 quc o f000 0 eng d |
| 020 | |a9780660421902 |
| 040 | |aCaOODSP|beng|erda|cCaOODSP |
| 043 | |an-cn--- |
| 086 | 1 |aST99-80/2022E-PDF |
| 245 | 00|aResourceful, resilient, ready : |bCanada's strategy for satellite earth observation. |
| 246 | 10|aCanada's strategy for satellite earth observation |
| 264 | 1|a[Saint-Hubert, QC] : |b[Canadian Space Agency], |c[2022] |
| 300 | |a1 online resource (19 pages) : |bcolour illustrations |
| 336 | |atext|btxt|2rdacontent |
| 337 | |acomputer|bc|2rdamedia |
| 338 | |aonline resource|bcr|2rdacarrier |
| 500 | |aIssued also in French under title: Ingénieux, résilient, prêt : stratégie canadienne de l'observation de la Terre par satellite. |
| 500 | |aIssued also in HTML format. |
| 650 | 0|aArtificial satellites|xGovernment policy|zCanada. |
| 650 | 0|aArtificial satellites in remote sensing |zCanada. |
| 710 | 2 |aCanadian Space Agency, |eissuing body. |
| 775 | 08|tIngénieux, résilient, prêt : |w(CaOODSP)9.908410 |
| 776 | 0#|tCanada's strategy for satellite earth observation.|w(CaOODSP)9.908409 |
| 856 | 40|qPDF|s1.85 MB|uhttps://publications.gc.ca/collections/collection_2022/asc-csa/ST99-80-2022-eng.pdf |
| 856 | 4 |qHTML|sN/A|uhttps://www.asc-csa.gc.ca/eng/publications/canada-strategy-for-satellite-earth-observation/default.asp |